| 000 | 00592nam a2200193Ia 4500 | ||
|---|---|---|---|
| 003 | GCL | ||
| 008 | 140319s9999 xx 000 0 ara d | ||
| 040 |
_aGCL / _cGCL |
||
| 082 | 0 | 4 |
_a210.9 _bم ش |
| 100 | 1 | _aمحمد عزيز الحبابى | |
| 245 | 1 | 0 |
_aالشخصيات الاسلامية / _cمحمد عزيز الحبابى |
| 260 |
_a[S.N] : _bدار المعارف ، _c1983 |
||
| 300 | _a151 ص | ||
| 490 |
_aمكتبة الدراسات الفلسفية _v0 |
||
| 650 | 0 | 4 | _aتاريخ |
| 650 | 0 | 4 | _aالاسلام |
| 650 | 0 | 4 | _aالاسلام والفطرة |
| 942 |
_2ddc _cBK |
||
| 999 |
_c55020 _d55020 |
||